| 000 | 00691nam a2200253Ia 4500 | ||
|---|---|---|---|
| 003 | OSt | ||
| 005 | 20221006153424.0 | ||
| 006 | a|||||r|||| 00| 0 | ||
| 007 | ta | ||
| 008 | 221006b |||||||| |||| 00| 0 kor d | ||
| 020 | _cW 9,000 | ||
| 024 | _a32,291 | ||
| 037 |
_bGift, Korean Embassy _cTextual |
||
| 040 |
_aEASL _cEASL _bkor |
||
| 041 |
_2kor _akor |
||
| 082 | _aY7495:72, P5 | ||
| 100 |
_aJANG Ja Au. _9663851 |
||
| 245 | 0 |
_aJang-ja _b Jayeon sokeswo chajeun jayu-ui segye |
|
| 260 |
_aSeoul _bPulbit _c2005 |
||
| 300 |
_a195p. _ccm. |
||
| 490 | _v KL | ||
| 942 |
_hY7495:72, P5 _cTEXL _2CC |
||
| 999 |
_c1100377 _d1100377 |
||